Dôveruj, ale preveruj! organizácia bankového dohľadu v Rakúsku by nám v mnohom mohla slúžiť za vzor
Organizácia bankového dohľadu v Rakúsku. Nástroje bankového dohľadu Národnej banky Rakúska. Vyhodnocovanie a analýza nástrojov bankového dohľadu. Transformácia bankového dohľadu podľa legislatívy štátov Európskej únie. Zákonné predpisy rakúskeho bankového dohľadu.
Enregistré dans:
| Auteur principal: | |
|---|---|
| Format: | Livre |
| Langue: | slovaque |
| Sujets: | |
| Tags: |
Pas de tags, Soyez le premier à ajouter un tag!
|
MARC
| LEADER | 00000nam a2200000 4500 | ||
|---|---|---|---|
| 001 | r030288 | ||
| 005 | 20251104124453.3 | ||
| 041 | 0 | |a slo | |
| 044 | |a SK | ||
| 245 | 1 | 0 | |a Dôveruj, ale preveruj! |b organizácia bankového dohľadu v Rakúsku by nám v mnohom mohla slúžiť za vzor |c Alexander Sotník |
| 520 | |a Organizácia bankového dohľadu v Rakúsku. Nástroje bankového dohľadu Národnej banky Rakúska. Vyhodnocovanie a analýza nástrojov bankového dohľadu. Transformácia bankového dohľadu podľa legislatívy štátov Európskej únie. Zákonné predpisy rakúskeho bankového dohľadu. | ||
| 610 | 2 | 0 | |a bankovníctvo |
| 610 | 2 | 0 | |a Rakúsko |
| 610 | 2 | 0 | |a legislatíva |
| 610 | 2 | 0 | |a dohľad bankový |
| 100 | 1 | |a Sotník, Alexander | |